00642nam a2200205Ia 450000500170000000800410001702000150005808200150007324500660008826000440015430000160019865000120021465000110022665000160023770000360025370000290028994200060031895200970032499900150042120240522042931.0240331s9999 xx 000 0 und d a0198286945 bDOMa338.9 0aDominating knowledge :bdevelopment, culture, and resisitance aNew YorkbOxford university pressc1990 ax, 293 p ., aCulture aSocial aDevelopment aMarglin, Apffel Frederiqueeedt aMarglin, A, Stepheneedt cL 001040708LaWERCLbWERCLcSSCd2024-03-31l0o 338.9 DOMp1225r2024-03-31w2024-03-31yL c2789d2789